00828nam a22002057a 4500003000900000008004100009020001800050040007100068082001500139100002200154245008100176260003300257300004500290440003700335505017400372650002300546650001600569650001600585650002100601AR-CdUCM190312b ||||| |||| 00| 0 spa d a84-205-0563-3 aMUNICIPALIDAD PROVINCIAL DEL CUSCOcBIBLIOTECA MUNICIPAL DEL CUSCO a460 /bB24 aBarinaga, Augusto aCerca de la comunicación :bbases idiomáticas para la cultura superior / aEspaña :bAlhambra,c1975. a500 páginas ;bilustraciones ;c26 cm. aProyecto Alhambra mt62.nSerie A aContenido: Orígenes y etimología del léxico español -- Definción del significado léxico español -- Acepciones o polisemia -- Sinónimos -- Antónimos ... aLéxico español aVocavilario aGrámatica aLengua español